Dos para la tres / (Registro nro. 12865)

Detalles MARC
000 -LIDER
fixed length control field 00723nam a22002297a 4500
003 - IDENTIFICACDOR DE NÚMERO DE CONTROL
control field DO-SdBNP
005 - DATE AND TIME OF LATEST TRANSACTION
control field 20171130101610.0
008 - ELEMENTOS DE LONGITUD FIJA
fixed length control field 161031b 1992 sp 00| 0 spa d
020 ## - ISBN
International Standard Book Number 8488370016
040 ## - FUENTE DE CATALOGACIÓN
Agencia que crea de manera original el registro BPMSU
Idioma de catalogación spa
Agencia que realiza la transcripción BPMSU
082 ## - NÚMERO DE CLASIFICACIÓN DECIMAL DE DEWEY
Classification number xxxx
Item number xxxx
100 1# - ASIENTO PRINCIPAL -- NOMBRE PERSONAL
Nombre personal Rodríguez Marchante, Oti,
Fechas asociadas con el nombre 1958-
245 10 - MENCIÓN DE TITULO
Título Dos para la tres /
Mención de responsabilidad Oti Rodríguez Marchante ; prólogo Guillermo Cabrera Infante.
260 ## - PUBLICACIÓN, DISTRIBUCIÓN, ETC. (PIE DE IMPRENTA)
Lugar de publicación, distribución, etc Madrid :
Nombre del editor, distribuidor, etc. Nickel Odeón,
Fecha de publicación, distribución, etc 1992.
300 ## - DESCRIPCIÓN FÍSICA
Extensión 109 p. :
Dimensiones 23 cm.
490 1# - MENCIÓN DE SERIES
Mención de serie Nickel Odeón
Volume/sequential designation 1
700 12 - ASIENTO SECUNDARIO -- NOMBRE PERSONAL
Nombre personal Cabrera Infante, Guillermo,
Mención de responsabilidad pról.
830 #0 - ASIENTO SECUNDARIO DE SERIE--TÍTULO UNIFORME
Título uniforme Nickel Odeón
Número de la parte o sección de una obra 1
942 ## - ADDED ENTRY ELEMENTS (KOHA)
Source of classification or shelving scheme Dewey Decimal Classification
Koha item type Libros
945 ## - INFORMACIÓN DE PROCESAMIENTO LOCAL
Información de procesamiento local Inventariado extranjero / 2017 YL
956 ## - LOCAL ELECTRONIC LOCATION AND ACCESS (OCLC)
Nombre de host Yngrid Lockward
Número de acceso 10
Información de compresión 20171113
Trayectoria 0144
Existencias
Withdrawn status Lost status Source of classification or shelving scheme Damaged status Not for loan Collection code Home library Current library Date acquired Source of acquisition Total Checkouts Full call number Barcode Date last seen Price effective from Koha item type
    Dewey Decimal Classification     Colección General Biblioteca Pública Metropolitana Salomé Ureña Biblioteca Pública Metropolitana Salomé Ureña 11/13/2017 Donación   xxxx xxxx BPMSU17110170 11/13/2017 11/13/2017 Libros